Ejournal of tax research

Bibliographic Details
Format: Unknown
Language:English
Published: Sydney, Australia : University of New South Wales
Online Access:Acceso restringido

MARC

LEADER 00000ny a22000003n 4500
005 20110516140943.0
008 101020c199u9999at un p 0 a0eng d
022 |a 1448-2398 
035 |a 5212 
040 |a BUS  |d vLex 
090 |c 1976  |d 1976 
245 3 0 |a Ejournal of tax research  |h [Recurso electrn̤ico] 
256 |a Servicio en ln̕ea 
260 |a Sydney, Australia :  |b University of New South Wales 
506 1 |a Contenido solo disponible en los productos indicados  |d vLex Global  |d vLex Global (Academic Edition, excluding Law Schools)  |d vLex Global (U.S. Academic Edition, excluding Law Schools) 
740 |a vLex Revista (Servicios en ln̕ea) 
843 |a Electrn̤ica. Abierta 
853 |8 1  |i (year)  |j (month)  |k (day) 
856 4 0 |u http://vlex.com/source/5212  |z Acceso restringido 
942 |c REV 
999 0 |a Business and economics 
999 0 |a Public finance and taxation